[Event "Northumbria Masters Open"]
[Site "Newcastle"]
[Date "2021.08.28"]
[Round "4.8"]
[White "Arkell, Keith C"]
[Black "Willmoth, Robert F"]
[Result "1-0"]
[WhiteElo "2382"]
[BlackElo "2116"]
[PlyCount "68"]
[EventDate "2021.08.26"]
[EventType "swiss"]
[EventRounds "9"]
[EventCountry "ENG"]
[SourceTitle "The Week in Chess 1399"]
[Source "Mark Crowther"]
[SourceDate "2021.08.30"]
[SourceVersion "1"]
[SourceVersionDate "2021.08.30"]
[SourceQuality "2"]

1. d4 Nf6 2. Nf3 d6 3. c4 Nbd7 4. Nc3 e5 5. e4 Be7 6. g3 c6 7. Bg2 Qc7 8. O-O
Nf8 9. b4 Ng6 10. Rb1 Bg4 11. h3 Bd7 12. c5 dxc5 13. dxe5 Nxe5 14. Bf4 Bd6 15.
bxc5 Nxf3+ 16. Qxf3 Bxf4 17. gxf4 O-O 18. e5 Ne8 19. Ne4 b5 20. Nd6 Nxd6 21.
cxd6 Qa5 22. f5 Qxa2 23. Qf4 Kh8 24. Be4 g5 25. Qg3 Rae8 26. Rfe1 Qd2 27. Bd3
a5 28. Re3 a4 29. Qf3 Rg8 30. Qe4 Rg7 31. Rbe1 h5 32. e6 fxe6 33. f6 Rf7 34.
Qg6 Ref8 1-0

[Event "Northumbria Masters Open"]
[Site "Newcastle"]
[Date "2021.08.28"]
[Round "4.10"]
[White "Jones, Steven A"]
[Black "Murphy, Ryan"]
[Result "1-0"]
[WhiteElo "2234"]
[BlackElo "1977"]
[PlyCount "71"]
[EventDate "2021.08.26"]
[EventType "swiss"]
[EventRounds "9"]
[EventCountry "ENG"]
[SourceTitle "The Week in Chess 1399"]
[Source "Mark Crowther"]
[SourceDate "2021.08.30"]
[SourceVersion "1"]
[SourceVersionDate "2021.08.30"]
[SourceQuality "2"]

1. e4 c6 2. Nc3 d5 3. Nf3 Bg4 4. h3 Bxf3 5. Qxf3 e6 6. Be2 Bc5 7. O-O Nd7 8.
Qg3 Bd4 9. d3 Ne7 10. Bf4 Ng6 11. exd5 exd5 12. Bd6 Qf6 13. Bg4 O-O-O 14. Rae1
Rhe8 15. Nd1 Be5 16. Bxe5 Ngxe5 17. c3 Nxg4 18. Qxg4 g6 19. Ne3 Re6 20. Qa4 Kb8
21. Ng4 Qe7 22. Qf4+ Kc8 23. Rxe6 Qxe6 24. Qh6 f5 25. Nh2 Nf6 26. Nf3 Qe2 27.
Qg7 Nh5 28. Qxh7 Nf4 29. Re1 Qxd3 30. Re7 Qb1+ 31. Kh2 Qxb2 32. Ne5 Kb8 33. Qh4
Ne2 34. Nd3 Qxc3 35. Rxe2 Rh8 36. Qg3+ 1-0

[Event "Northumbria Masters Open"]
[Site "Newcastle"]
[Date "2021.08.28"]
[Round "4.11"]
[White "Bezuidenhout, Roland"]
[Black "Milson, Samuel A"]
[Result "1-0"]
[WhiteElo "2196"]
[BlackElo "2106"]
[PlyCount "93"]
[EventDate "2021.08.26"]
[EventType "swiss"]
[EventRounds "9"]
[EventCountry "ENG"]
[SourceTitle "The Week in Chess 1399"]
[Source "Mark Crowther"]
[SourceDate "2021.08.30"]
[SourceVersion "1"]
[SourceVersionDate "2021.08.30"]
[SourceQuality "2"]

1. d4 d5 2. Bf4 Nf6 3. e3 c5 4. Nd2 Nc6 5. c3 Bf5 6. Ngf3 Qb6 7. Nh4 Be4 8. f3
Bg6 9. Nxg6 hxg6 10. Qb3 c4 11. Qxb6 axb6 12. Kf2 e6 13. Be2 b5 14. a3 Kd7 15.
e4 Be7 16. g4 Bd8 17. h4 Bb6 18. Be3 Rae8 19. e5 Ng8 20. b3 Nge7 21. a4 b4 22.
bxc4 bxc3 23. Nb3 dxc4 24. Bxc4 Ra8 25. Bb5 Kc7 26. Ke2 Rhd8 27. Rhc1 Nd5 28.
Bxc6 bxc6 29. a5 Ba7 30. a6 Rab8 31. Ra3 Rb5 32. h5 Rdb8 33. Na5 Rb2+ 34. Kd3
Nb4+ 35. Ke4 c2 36. hxg6 fxg6 37. Rc3 Ra2 38. Nc4 Rxa6 39. Rh1 Ra2 40. Rh7 Rg8
41. Nd6 Nd5 42. Rb3 Bb6 43. Bh6 Ra1 44. Bxg7 c1=Q 45. Bh6+ Kb8 46. Bxc1 Rxc1
47. Rb7+ 1-0

[Event "Northumbria Masters Open"]
[Site "Newcastle"]
[Date "2021.08.28"]
[Round "4.13"]
[White "Modi, Shyam Jagdish"]
[Black "Smith, Andrew Philip"]
[Result "1/2-1/2"]
[WhiteElo "2118"]
[BlackElo "2144"]
[PlyCount "85"]
[EventDate "2021.08.26"]
[EventType "swiss"]
[EventRounds "9"]
[EventCountry "ENG"]
[SourceTitle "The Week in Chess 1399"]
[Source "Mark Crowther"]
[SourceDate "2021.08.30"]
[SourceVersion "1"]
[SourceVersionDate "2021.08.30"]
[SourceQuality "2"]

1. d4 Nf6 2. c4 e6 3. g3 c5 4. d5 exd5 5. cxd5 d6 6. Bg2 g6 7. Nc3 Bg7 8. Nf3
O-O 9. O-O a6 10. a4 Re8 11. Bf4 Ne4 12. Nxe4 Rxe4 13. Nd2 Rb4 14. Ne4 f5 15.
Ng5 Be5 16. Bxe5 dxe5 17. Ne6 Bxe6 18. dxe6 Nc6 19. Bxc6 bxc6 20. Qc2 Qe7 21.
Rfd1 Re8 22. Rac1 c4 23. Rd7 Qxe6 24. Rcd1 Re7 25. Rd8+ Kg7 26. R1d6 Qf7 27.
Rxc6 a5 28. Rc5 e4 29. Qc3+ Kh6 30. Qe3+ f4 31. gxf4 Rb3 32. Qc1 e3 33. f5 Re4
34. f3 Rh4 35. Rdd5 Qf6 36. Rxc4 Qg5+ 37. Kh1 Rxc4 38. Qxc4 Rxb2 39. Qg4 Qxg4
40. fxg4 gxf5 41. Rxf5 Rxe2 42. Rxa5 Ra2 43. Re5 1/2-1/2

[Event "Northumbria Masters Open"]
[Site "Newcastle"]
[Date "2021.08.28"]
[Round "4.14"]
[White "Brown, Thomas"]
[Black "Siddharth, Gopakumar"]
[Result "0-1"]
[WhiteElo "2129"]
[BlackElo "1856"]
[PlyCount "98"]
[EventDate "2021.08.26"]
[EventType "swiss"]
[EventRounds "9"]
[EventCountry "ENG"]
[SourceTitle "The Week in Chess 1399"]
[Source "Mark Crowther"]
[SourceDate "2021.08.30"]
[SourceVersion "1"]
[SourceVersionDate "2021.08.30"]
[SourceQuality "2"]

1. d4 d5 2. Bf4 Nf6 3. e3 g6 4. h4 h5 5. Nf3 Bg4 6. Nc3 c6 7. Qd2 Nbd7 8. Ne5
Nxe5 9. Bxe5 Bg7 10. Bd3 O-O 11. f3 Be6 12. Ne2 Qc8 13. Nf4 Bf5 14. O-O-O Ne8
15. Bxf5 Qxf5 16. Bxg7 Nxg7 17. Rdg1 e5 18. g4 hxg4 19. fxg4 Qe4 20. dxe5 Qxe5
21. h5 g5 22. Nd3 Qe4 23. Nc5 Qe7 24. Qc3 f6 25. e4 Ne6 26. Nxe6 Qxe6 27. exd5
Qxd5 28. Kb1 Rad8 29. a3 Qd4 30. Qb3+ Rd5 31. Rd1 Qxg4 32. Rxd5 cxd5 33. Qxd5+
Rf7 34. Qd3 f5 35. Qd6 f4 36. Qg6+ Rg7 37. Qe8+ Kh7 38. h6 Qf3 39. Rh2 Qd1+ 40.
Ka2 Qd5+ 41. b3 Rf7 42. Rh5 Qf5 43. Kb1 Rd7 44. Rh1 f3 45. Rf1 f2 46. Kb2 Rf7
47. Qe3 g4 48. Qg3 Qf3 49. Qb8 g3 0-1

[Event "Northumbria Masters Open"]
[Site "Newcastle"]
[Date "2021.08.28"]
[Round "4.16"]
[White "Izod, Chris"]
[Black "Mosnegutu, Klauss"]
[Result "0-1"]
[WhiteElo "1924"]
[BlackElo "2235"]
[PlyCount "55"]
[EventDate "2021.08.26"]
[EventType "swiss"]
[EventRounds "9"]
[EventCountry "ENG"]
[SourceTitle "The Week in Chess 1399"]
[Source "Mark Crowther"]
[SourceDate "2021.08.30"]
[SourceVersion "1"]
[SourceVersionDate "2021.08.30"]
[SourceQuality "2"]

1. d4 Nf6 2. c4 e6 3. Nf3 b6 4. g3 Bb7 5. Bg2 Be7 6. O-O O-O 7. Re1 Ne4 8. Nfd2
f5 9. Qc2 d5 10. cxd5 exd5 11. Nc3 c5 12. Nf3 Nc6 13. Be3 c4 14. h4 h6 15. Qc1
Kh7 16. Rd1 Rc8 17. Bf4 Qd7 18. Bh3 Nxc3 19. Qxc3 Qe6 20. Qc2 Rce8 21. Kf1 Bc8
22. Ne5 g5 23. hxg5 hxg5 24. Nxc6 gxf4 25. Ne5 fxg3 26. f4 Qh6 27. Kg2 Qxf4 28.
Rh1 0-1

[Event "Northumbria Masters Open"]
[Site "Newcastle"]
[Date "2021.08.28"]
[Round "4.17"]
[White "Verma, Aditya"]
[Black "Rathbone-Jones, Ifan"]
[Result "1-0"]
[WhiteElo "2170"]
[BlackElo "1941"]
[PlyCount "84"]
[EventDate "2021.08.26"]
[EventType "swiss"]
[EventRounds "9"]
[EventCountry "ENG"]
[SourceTitle "The Week in Chess 1399"]
[Source "Mark Crowther"]
[SourceDate "2021.08.30"]
[SourceVersion "1"]
[SourceVersionDate "2021.08.30"]
[SourceQuality "2"]

1. e4 d6 2. g3 g6 3. Bg2 Bg7 4. Nc3 a6 5. Nge2 b5 6. a3 Bb7 7. O-O Nd7 8. h3 e5
9. d3 Ne7 10. Be3 O-O 11. Qd2 Nc5 12. Rad1 f5 13. f4 Ne6 14. Nd5 c5 15. c3 Nxd5
16. exd5 Nc7 17. fxe5 Bxe5 18. c4 a5 19. b3 b4 20. a4 Qe7 21. Bf2 Na6 22. Rfe1
Qg7 23. Qc1 Rfe8 24. Kh2 Rad8 25. Be3 Bb2 26. Qd2 Bc3 27. Nxc3 bxc3 28. Qf2 Nb4
29. d4 Rxe3 30. Qxe3 c2 31. Rd2 cxd4 32. Rxd4 Na2 33. Rf4 Qe5 34. Qxe5 dxe5 35.
Rff1 e4 36. Ra1 Nb4 37. Rf2 Re8 38. Rc1 e3 39. Re2 g5 40. Bf3 f4 41. Rcxc2 Nxc2
42. Rxc2 Kf7 1-0

[Event "Northumbria Masters Open"]
[Site "Newcastle"]
[Date "2021.08.28"]
[Round "4.18"]
[White "Guthrie, David"]
[Black "Faulkner, Martin J"]
[Result "1/2-1/2"]
[WhiteElo "2165"]
[BlackElo "1874"]
[PlyCount "53"]
[EventDate "2021.08.26"]
[EventType "swiss"]
[EventRounds "9"]
[EventCountry "ENG"]
[SourceTitle "The Week in Chess 1399"]
[Source "Mark Crowther"]
[SourceDate "2021.08.30"]
[SourceVersion "1"]
[SourceVersionDate "2021.08.30"]
[SourceQuality "2"]

1. d4 Nf6 2. c4 e6 3. Nf3 d5 4. Nc3 Bb4 5. cxd5 exd5 6. Bg5 O-O 7. Qc2 Nbd7 8.
e3 h6 9. Bh4 c5 10. Be2 cxd4 11. Nxd4 Qa5 12. O-O Bxc3 13. bxc3 a6 14. Rfd1 Re8
15. Nb3 Qa4 16. Rd4 Qc6 17. c4 b5 18. c5 Ne4 19. Rad1 Ndf6 20. Bxf6 Nxf6 21.
Bf3 Be6 22. Rc1 Nd7 23. e4 Ne5 24. Be2 Nc4 25. Bf3 Ne5 26. Be2 Nc4 27. Bf3
1/2-1/2

[Event "Northumbria Masters Open"]
[Site "Newcastle"]
[Date "2021.08.28"]
[Round "4.19"]
[White "Gayson, Peter M"]
[Black "Verma, Shlok"]
[Result "1-0"]
[WhiteElo "2150"]
[BlackElo "1724"]
[PlyCount "93"]
[EventDate "2021.08.26"]
[EventType "swiss"]
[EventRounds "9"]
[EventCountry "ENG"]
[SourceTitle "The Week in Chess 1399"]
[Source "Mark Crowther"]
[SourceDate "2021.08.30"]
[SourceVersion "1"]
[SourceVersionDate "2021.08.30"]
[SourceQuality "2"]

1. e4 e6 2. d4 d5 3. Nd2 c5 4. Ngf3 cxd4 5. exd5 Qxd5 6. Bc4 Qd7 7. O-O a6 8.
Nb3 b5 9. Be2 Nc6 10. Nfxd4 Nxd4 11. Nxd4 Bb7 12. Bf3 O-O-O 13. Be3 Nf6 14. c4
e5 15. Nb3 Bxf3 16. Qxf3 e4 17. Qe2 Qd3 18. Qe1 b4 19. Bc5 Bxc5 20. Nxc5 Qd2
21. Nxa6 Qxe1 22. Rfxe1 b3 23. axb3 Rd2 24. Nc5 Kb8 25. Nxe4 Nxe4 26. Rxe4 Rxb2
27. Re7 Rxb3 28. Rxf7 Rb7 29. Rxb7+ Kxb7 30. Re1 Kc6 31. Re7 g6 32. f4 Kc5 33.
Re4 Ra8 34. Kf2 h5 35. Kg3 Ra3+ 36. Kh4 Ra2 37. Kh3 Ra4 38. g3 Ra2 39. Re6 h4
40. Rxg6 hxg3 41. hxg3 Kxc4 42. Rd6 Ra8 43. g4 Rh8+ 44. Kg3 Kc5 45. Rd1 Kc4 46.
g5 Rg8 47. Kg4 1-0

[Event "Northumbria Masters Open"]
[Site "Newcastle"]
[Date "2021.08.28"]
[Round "4.20"]
[White "Yoon, Jacob D"]
[Black "Hosdurga, Chirag"]
[Result "0-1"]
[WhiteElo "2116"]
[BlackElo "1838"]
[PlyCount "88"]
[EventDate "2021.08.26"]
[EventType "swiss"]
[EventRounds "9"]
[EventCountry "ENG"]
[SourceTitle "The Week in Chess 1399"]
[Source "Mark Crowther"]
[SourceDate "2021.08.30"]
[SourceVersion "1"]
[SourceVersionDate "2021.08.30"]
[SourceQuality "2"]

1. e4 c5 2. Nf3 Nc6 3. d4 cxd4 4. Nxd4 Qb6 5. Nb3 Nf6 6. Nc3 e6 7. Qe2 d6 8. g4
Be7 9. Be3 Qc7 10. g5 Nd7 11. Nb5 Qb8 12. O-O-O a6 13. N5d4 Nxd4 14. Nxd4 Nc5
15. Bg2 Qc7 16. f4 b5 17. f5 e5 18. Nb3 Nd7 19. Rhf1 Bb7 20. Kb1 O-O-O 21. f6
gxf6 22. gxf6 Bf8 23. Qh5 Rg8 24. Rd2 Rxg2 25. Rxg2 Bxe4 26. Rd2 Bg6 27. Qg4
Kb8 28. h4 h5 29. Qg1 a5 30. Qf2 a4 31. Nc1 Rc8 32. Qe2 Qc6 33. Nd3 d5 34. Nxe5
Nxe5 35. Bf4 Ka8 36. Qxe5 Bxc2+ 37. Ka1 Bb4 38. Rxd5 a3 39. Bd2 Bxd2 40. Rxd2
Bd3 41. Rb1 Bxb1 42. Rd6 axb2+ 43. Kxb2 Qc2+ 44. Ka1 Qxa2# 0-1

[Event "Northumbria Masters Open"]
[Site "Newcastle"]
[Date "2021.08.28"]
[Round "4.21"]
[White "Pink, Joshua"]
[Black "Dargan, Paul AG"]
[Result "1/2-1/2"]
[WhiteElo "1924"]
[BlackElo "2064"]
[PlyCount "128"]
[EventDate "2021.08.26"]
[EventType "swiss"]
[EventRounds "9"]
[EventCountry "ENG"]
[SourceTitle "The Week in Chess 1399"]
[Source "Mark Crowther"]
[SourceDate "2021.08.30"]
[SourceVersion "1"]
[SourceVersionDate "2021.08.30"]
[SourceQuality "2"]

1. Nc3 c5 2. Nf3 Nc6 3. d4 d5 4. Bf4 Nf6 5. e3 a6 6. Be2 Bg4 7. O-O e6 8. h3
Bxf3 9. Bxf3 cxd4 10. exd4 Bd6 11. Ne2 Bxf4 12. Nxf4 Qb6 13. c3 Qxb2 14. Qd3
Qa3 15. Rfb1 b5 16. Qe3 O-O 17. Rb3 Qd6 18. a4 b4 19. Nd3 a5 20. Ne5 Rfb8 21.
c4 Rc8 22. Rc1 dxc4 23. Rxc4 Nd5 24. Qe4 Nxe5 25. Rxc8+ Rxc8 26. dxe5 Qc6 27.
Rd3 Qxa4 28. Kh2 Qb5 29. Bg4 g6 30. f4 Rc4 31. Qe2 Qc5 32. f5 Rc2 33. Qf3 gxf5
34. Bxf5 exf5 35. Rxd5 Qf2 36. Qxf2 Rxf2 37. Rxa5 b3 38. Rb5 b2 39. Kg3 Rc2 40.
Kf3 Kf8 41. Rb7 f4 42. Kxf4 Rxg2 43. h4 Ke8 44. Kf5 Rf2+ 45. Kg5 Re2 46. Kf6
Rf2+ 47. Kg5 Kd8 48. h5 Kc8 49. Rb5 Kc7 50. Kh6 Kc6 51. Rb8 Kd5 52. Kxh7 Kxe5
53. Kg7 f5 54. h6 Rg2+ 55. Kf7 Rh2 56. Kg7 f4 57. h7 Rg2+ 58. Kf7 Rh2 59. Kg7
f3 60. Rxb2 Rxh7+ 61. Kxh7 Ke4 62. Kg6 Ke3 63. Kg5 f2 64. Rxf2 Kxf2 1/2-1/2

[Event "Northumbria Masters Open"]
[Site "Newcastle"]
[Date "2021.08.28"]
[Round "4.22"]
[White "Khoury, Theo"]
[Black "Bansal, Rohan"]
[Result "1/2-1/2"]
[WhiteElo "1697"]
[BlackElo "2042"]
[PlyCount "86"]
[EventDate "2021.08.26"]
[EventType "swiss"]
[EventRounds "9"]
[EventCountry "ENG"]
[SourceTitle "The Week in Chess 1399"]
[Source "Mark Crowther"]
[SourceDate "2021.08.30"]
[SourceVersion "1"]
[SourceVersionDate "2021.08.30"]
[SourceQuality "2"]

1. e4 e6 2. d4 d5 3. Nc3 dxe4 4. Nxe4 Nd7 5. Nf3 Ngf6 6. Nxf6+ Nxf6 7. Ne5 c5
8. Bb5+ Bd7 9. Nxd7 Nxd7 10. O-O Qc7 11. g3 O-O-O 12. c3 Nb6 13. Bf4 Bd6 14.
Bxd6 Rxd6 15. Qg4 g6 16. Rfd1 Rhd8 17. a4 a6 18. Be2 cxd4 19. cxd4 Kb8 20. a5
Nc8 21. Bf3 Ne7 22. Qe4 Nc6 23. Ra4 Qd7 24. Bg2 f5 25. Qf3 e5 26. d5 Nd4 27.
Qa3 Rxd5 28. Bxd5 Qxd5 29. Raxd4 exd4 30. Qe7 d3 31. Qxh7 d2 32. Qe7 Kc8 33.
Qb4 Rd7 34. h4 Kb8 35. Qc3 Qe4 36. Qh8+ Ka7 37. Qc3 Qe2 38. Qc5+ Kb8 39. Qf8+
Kc7 40. Qc5+ Kd8 41. Qf8+ Kc7 42. Qc5+ Kd8 43. Qf8+ Kc7 1/2-1/2

[Event "Northumbria Masters Open"]
[Site "Newcastle"]
[Date "2021.08.28"]
[Round "5.1"]
[White "Olson, Hamish"]
[Black "Gormally, Daniel W"]
[Result "1/2-1/2"]
[WhiteElo "2246"]
[BlackElo "2479"]
[PlyCount "72"]
[EventDate "2021.08.26"]
[EventType "swiss"]
[EventRounds "9"]
[EventCountry "ENG"]
[SourceTitle "The Week in Chess 1399"]
[Source "Mark Crowther"]
[SourceDate "2021.08.30"]
[SourceVersion "1"]
[SourceVersionDate "2021.08.30"]
[SourceQuality "2"]

1. d4 Nf6 2. Nf3 g6 3. g3 Bg7 4. Bg2 O-O 5. O-O d6 6. b3 c6 7. Bb2 Qa5 8. Qd2
Qh5 9. Qg5 Qxg5 10. Nxg5 Na6 11. Nd2 c5 12. c4 Rb8 13. a4 h6 14. Ngf3 Bf5 15.
Nh4 Bd7 16. d5 g5 17. Nhf3 Bf5 18. h4 g4 19. Ne1 Nb4 20. Bc3 Nd7 21. Bxg7 Kxg7
22. e4 Bg6 23. Rc1 Ne5 24. Rc3 a6 25. a5 f5 26. exf5 Bxf5 27. Be4 e6 28. dxe6
Bxe6 29. Ng2 b5 30. axb6 Rxb6 31. Nf4 Bf7 32. f3 h5 33. fxg4 hxg4 34. Re3 Re8
35. Rfe1 Rbb8 36. Kf2 Rbd8 1/2-1/2

[Event "Northumbria Masters Open"]
[Site "Newcastle"]
[Date "2021.08.28"]
[Round "5.3"]
[White "Wells, Peter K"]
[Black "Boswell, Jacob Connor"]
[Result "1-0"]
[WhiteElo "2381"]
[BlackElo "2012"]
[PlyCount "83"]
[EventDate "2021.08.26"]
[EventType "swiss"]
[EventRounds "9"]
[EventCountry "ENG"]
[SourceTitle "The Week in Chess 1399"]
[Source "Mark Crowther"]
[SourceDate "2021.08.30"]
[SourceVersion "1"]
[SourceVersionDate "2021.08.30"]
[SourceQuality "2"]

1. Nf3 d5 2. d4 Nf6 3. c4 e6 4. g3 Bb4+ 5. Bd2 Be7 6. Bg2 O-O 7. O-O c6 8. Bf4
dxc4 9. Ne5 Nd5 10. Nxc4 Nxf4 11. gxf4 c5 12. dxc5 Na6 13. Qxd8 Rxd8 14. c6
bxc6 15. Ne5 Bb7 16. Bxc6 Bxc6 17. Nxc6 Bf6 18. Nxd8 Bxb2 19. Nxf7 Bxa1 20. Ng5
Rc8 21. Nd2 Bf6 22. Nde4 Rc2 23. e3 e5 24. fxe5 Bxe5 25. Rd1 Bf6 26. Nxf6+ gxf6
27. Rd8+ Kg7 28. Rd7+ Kg6 29. Nxh7 Nc7 30. Nf8+ Kf5 31. Kg2 a5 32. a4 Ne8 33.
Kf3 Nc7 34. h4 Ke5 35. h5 Nd5 36. h6 Rc8 37. Ng6+ Kf5 38. Rg7 Kg5 39. h7 Kh6
40. Rg8 Kxh7 41. Rxc8 Kxg6 42. Rc5 1-0

[Event "Northumbria Masters Open"]
[Site "Newcastle"]
[Date "2021.08.28"]
[Round "5.4"]
[White "Basman, Michael J"]
[Black "Dong Bao Nghia"]
[Result "0-1"]
[WhiteElo "2289"]
[BlackElo "2227"]
[PlyCount "74"]
[EventDate "2021.08.26"]
[EventType "swiss"]
[EventRounds "9"]
[EventCountry "ENG"]
[SourceTitle "The Week in Chess 1399"]
[Source "Mark Crowther"]
[SourceDate "2021.08.30"]
[SourceVersion "1"]
[SourceVersionDate "2021.08.30"]
[SourceQuality "2"]

1. g4 d5 2. h3 e5 3. Bg2 c6 4. d4 e4 5. Bf4 Bd6 6. Qd2 Ne7 7. Nc3 Bxf4 8. Qxf4
Ng6 9. Qg3 h5 10. f3 e3 11. O-O-O h4 12. Qh2 Qg5 13. f4 Qxf4 14. Nf3 f5 15.
gxf5 Bxf5 16. Rdf1 Na6 17. Ne5 Qxh2 18. Rxh2 Ne7 19. Nd1 Rf8 20. Nxe3 O-O-O 21.
Bf3 Be6 22. Rg1 Rg8 23. Kd2 Nc7 24. c3 Ne8 25. Rg5 Nd6 26. Ng2 Nef5 27. Ng6 Rd7
28. N2xh4 Nxh4 29. Nxh4 Rh8 30. Rh5 Ne4+ 31. Ke3 Rxh5 32. Bxh5 Ng3 33. Bg4 Bxg4
34. Kf4 Nf1 35. Rh1 Bxe2 36. Ng6 Rf7+ 37. Ke5 Ng3 0-1

[Event "Northumbria Masters Open"]
[Site "Newcastle"]
[Date "2021.08.28"]
[Round "5.5"]
[White "Jones, Steven A"]
[Black "Petrov, Marian"]
[Result "0-1"]
[WhiteElo "2234"]
[BlackElo "2457"]
[PlyCount "52"]
[EventDate "2021.08.26"]
[EventType "swiss"]
[EventRounds "9"]
[EventCountry "ENG"]
[SourceTitle "The Week in Chess 1399"]
[Source "Mark Crowther"]
[SourceDate "2021.08.30"]
[SourceVersion "1"]
[SourceVersionDate "2021.08.30"]
[SourceQuality "2"]

1. e4 c5 2. Nf3 Nc6 3. d4 cxd4 4. Nxd4 Qb6 5. Nb3 Nf6 6. Nc3 e6 7. Qe2 Bb4 8.
Bd2 O-O 9. a3 Bxc3 10. Bxc3 e5 11. O-O-O Qc7 12. g4 d6 13. g5 Nd7 14. h4 Nb6
15. h5 Be6 16. Bh3 Bxb3 17. cxb3 Nd4 18. Qe1 Nxb3+ 19. Kb1 Na4 20. Bb4 Nd4 21.
Rxd4 exd4 22. Qd1 a5 23. Be1 Qc4 24. Bf1 d3 25. Bxd3 Qd4 26. Qb3 Nc5 0-1

[Event "Northumbria Masters Open"]
[Site "Newcastle"]
[Date "2021.08.28"]
[Round "5.6"]
[White "Bezuidenhout, Roland"]
[Black "Arkell, Keith C"]
[Result "1-0"]
[WhiteElo "2196"]
[BlackElo "2382"]
[PlyCount "81"]
[EventDate "2021.08.26"]
[EventType "swiss"]
[EventRounds "9"]
[EventCountry "ENG"]
[SourceTitle "The Week in Chess 1399"]
[Source "Mark Crowther"]
[SourceDate "2021.08.30"]
[SourceVersion "1"]
[SourceVersionDate "2021.08.30"]
[SourceQuality "2"]

1. e4 c6 2. Nc3 d5 3. Nf3 Bg4 4. h3 Bxf3 5. Qxf3 Nf6 6. d3 e6 7. Bd2 Nbd7 8. g4
h6 9. Qg3 Bb4 10. e5 Ng8 11. a3 Ba5 12. d4 Ne7 13. Bd3 a6 14. b4 Bb6 15. Ne2 a5
16. Rb1 axb4 17. axb4 Ra3 18. Bc1 Ra4 19. f4 g6 20. h4 h5 21. f5 gxf5 22. gxf5
exf5 23. Qg7 Rg8 24. Qh7 Nf8 25. Qxh5 Ne6 26. c3 Ra2 27. Bg5 Nxg5 28. hxg5 Qd7
29. Nf4 Ng6 30. Qh7 Kf8 31. Nh5 Bd8 32. Qh6+ Ke8 33. Ng7+ Rxg7 34. Qxg7 Bxg5
35. Rh8+ Ke7 36. Rh5 Bd2+ 37. Kf1 Nf8 38. Qf6+ Ke8 39. Bxf5 Qe7 40. Qxe7+ Kxe7
41. Rh2 1-0

[Event "Northumbria Masters Open"]
[Site "Newcastle"]
[Date "2021.08.28"]
[Round "5.7"]
[White "Bradbury, Neil H"]
[Black "Turner, Max N"]
[Result "0-1"]
[WhiteElo "2297"]
[BlackElo "2182"]
[PlyCount "46"]
[EventDate "2021.08.26"]
[EventType "swiss"]
[EventRounds "9"]
[EventCountry "ENG"]
[SourceTitle "The Week in Chess 1399"]
[Source "Mark Crowther"]
[SourceDate "2021.08.30"]
[SourceVersion "1"]
[SourceVersionDate "2021.08.30"]
[SourceQuality "2"]

1. d4 Nf6 2. c4 e6 3. Nf3 d5 4. Nc3 c6 5. g3 dxc4 6. a4 Bb4 7. Bg2 O-O 8. O-O
Nbd7 9. Qc2 a5 10. e4 e5 11. dxe5 Ng4 12. Bf4 Qe7 13. e6 Qxe6 14. Bh3 h5 15. e5
Nc5 16. Nd4 Ne3 17. Bxe3 Qxh3 18. Nce2 Nd3 19. f4 c5 20. Nf3 Qf5 21. Nh4 Qe4
22. Bc1 Bd7 23. Nf3 Bg4 0-1

[Event "Northumbria Masters Open"]
[Site "Newcastle"]
[Date "2021.08.28"]
[Round "5.8"]
[White "Siddharth, Gopakumar"]
[Black "Merriman, John"]
[Result "0-1"]
[WhiteElo "1856"]
[BlackElo "2245"]
[PlyCount "130"]
[EventDate "2021.08.26"]
[EventType "swiss"]
[EventRounds "9"]
[EventCountry "ENG"]
[SourceTitle "The Week in Chess 1399"]
[Source "Mark Crowther"]
[SourceDate "2021.08.30"]
[SourceVersion "1"]
[SourceVersionDate "2021.08.30"]
[SourceQuality "2"]

1. e4 e6 2. d4 d5 3. Bd3 dxe4 4. Bxe4 c5 5. Ne2 Nf6 6. Bf3 Nc6 7. Be3 e5 8.
Bxc6+ bxc6 9. dxe5 Qxd1+ 10. Kxd1 Ng4 11. Nd2 Nxe5 12. Re1 Ng4 13. Bf4 Be6 14.
Ne4 O-O-O+ 15. Kc1 f5 16. h3 fxe4 17. hxg4 Bxg4 18. Nc3 Bf5 19. Nxe4 Re8 20. f3
g5 21. Bg3 g4 22. Bf4 Rg8 23. a4 gxf3 24. gxf3 Bxe4 25. fxe4 Rg4 26. Bd2 Rgxe4
27. Rxe4 Rxe4 28. Ra3 Be7 29. Kd1 h5 30. Rh3 h4 31. b3 Kd7 32. Be3 Ke6 33. Rf3
a6 34. Kd2 c4 35. Kc3 cxb3 36. cxb3 Bf6+ 37. Kd3 Rb4 38. Kc2 Rg4 39. Kd3 Rg3
40. Ke4 Rg2 41. b4 Rg4+ 42. Rf4 Rg8 43. Bd4 Be7 44. Bc3 Rg3 45. Be1 Rb3 46. Rf3
Rb1 47. Bc3 Rh1 48. Re3 Rf1 49. Kd4+ Kd6 50. Ke4 Rd1 51. Kf5 Rd5+ 52. Ke4 Rg5
53. Kf4 Rd5 54. Be5+ Kd7 55. Kg4 Bxb4 56. Kxh4 c5 57. Kg4 c4 58. Bc3 a5 59. Kf4
Kc6 60. Re6+ Kc5 61. Re3 Bxc3 62. Rxc3 Kb4 63. Rc1 c3 64. Ke4 Rd8 65. Ke3 Kb3
0-1

[Event "Northumbria Masters Open"]
[Site "Newcastle"]
[Date "2021.08.28"]
[Round "5.10"]
[White "Mosnegutu, Klauss"]
[Black "Smith, Andrew Philip"]
[Result "1-0"]
[WhiteElo "2235"]
[BlackElo "2144"]
[PlyCount "83"]
[EventDate "2021.08.26"]
[EventType "swiss"]
[EventRounds "9"]
[EventCountry "ENG"]
[SourceTitle "The Week in Chess 1399"]
[Source "Mark Crowther"]
[SourceDate "2021.08.30"]
[SourceVersion "1"]
[SourceVersionDate "2021.08.30"]
[SourceQuality "2"]

1. d4 Nf6 2. c4 e6 3. Nc3 Bb4 4. Bg5 h6 5. Bxf6 Bxc3+ 6. bxc3 Qxf6 7. e3 c5 8.
f4 Qh4+ 9. g3 Qe7 10. Bg2 d6 11. Nf3 O-O 12. O-O Nc6 13. Nd2 e5 14. fxe5 dxe5
15. d5 Na5 16. Qe2 Rb8 17. Nb3 b6 18. Nxa5 bxa5 19. Rab1 Ba6 20. Qd3 Qd7 21.
Rxb8 Rxb8 22. d6 Kh8 23. Qd5 Kg8 24. Be4 Qe6 25. Rf2 Bxc4 26. Qxc5 Rc8 27. Qa3
Rd8 28. Rd2 Qg4 29. Bg2 Rb8 30. Qc1 Qe6 31. Qc2 Rd8 32. Qa4 a6 33. h3 Bb5 34.
Qa3 e4 35. Qc5 Bd3 36. Kh2 Rc8 37. Qxa5 Rc6 38. Qd8+ Kh7 39. d7 Rd6 40. Qe8
Rxd7 41. Qxe6 fxe6 42. Bxe4+ 1-0

[Event "Northumbria Masters Open"]
[Site "Newcastle"]
[Date "2021.08.28"]
[Round "5.11"]
[White "Sedykh, Mikhail"]
[Black "Verma, Aditya"]
[Result "1/2-1/2"]
[WhiteElo "2124"]
[BlackElo "2170"]
[PlyCount "49"]
[EventDate "2021.08.26"]
[EventType "swiss"]
[EventRounds "9"]
[EventCountry "ENG"]
[SourceTitle "The Week in Chess 1399"]
[Source "Mark Crowther"]
[SourceDate "2021.08.30"]
[SourceVersion "1"]
[SourceVersionDate "2021.08.30"]
[SourceQuality "2"]

1. d4 d5 2. c4 c6 3. Nf3 Nf6 4. e3 Bf5 5. Nc3 e6 6. Nh4 Bg6 7. Nxg6 hxg6 8. Bd3
Nbd7 9. h3 Be7 10. Qe2 Nb6 11. b3 O-O 12. O-O c5 13. dxc5 dxc4 14. Bxc4 Bxc5
15. Bd3 Qe7 16. Bb2 Rfd8 17. Rac1 Rac8 18. Rfd1 Ba3 19. Nb5 Bxb2 20. Rxc8 Rxc8
21. Qxb2 a6 22. Nc3 Qc7 23. Ne4 Nbd5 24. Nxf6+ Nxf6 25. a4 1/2-1/2